Mammal Quiz - Statistics

General Stats
  • This quiz has been taken 36 times
  • The average score is 12 of 16
Answer Stats
Picture Answer % Correct
Giraffe
96%
Tiger
96%
Kangaroo
93%
Puma
93%
African Elephant
86%
Jaguar
86%
Mole
82%
Porcupine
82%
Capybara
79%
Tapir
79%
Beaver
71%
Opossum
71%
Wild Boar
68%
Echidna
64%
Peccary
46%
Giant Anteater
43%
No matching quizzes found
Score Distribution
Percent of People with Each Score
Percentile by Number Answered
Your Score History
You have not taken this quiz